Vista normal Vista MARC

Entrada Materia (personas)

Número de registros utilizados en: 1

001 - CONTROL NUMBER

  • control field: 90975

003 - CONTROL NUMBER IDENTIFIER

  • control field: Co-BoUCM

005 - DATE AND TIME OF LATEST TRANSACTION

  • control field: 20180125123319.0

008 - FIXED-LENGTH DATA ELEMENTS

  • fixed length control field: 180125|| aca||aabn | a|a d

040 ## - CATALOGING SOURCE

  • Original cataloging agency: Co-BoUCM
  • Transcribing agency: Co-BoUCM

100 ## - HEADING--PERSONAL NAME

  • Personal name: Ulloa, Antonio

670 ## - SOURCE DATA FOUND

  • Source citation: Work cat.: (Co-BoUCM)75095: Murillo Velarde, Pedro 1696-1753 90972, Cursus Juris canonici, hispani et indici. In quo juxta ordinem titulorum Decretalium non solum canonicae decisiones asseruntur, sed insuper additur quod in nostro Hispaniae Regno ..., 1791